000 00830nam a22002897a 4500
003 CHAP
005 20220817042129.0
008 971013s1949 us r 00010 spa d
010 _a35600
011 _a36572
035 _a40691
040 _cCHAP
082 _a338.372756
_bF36Y
110 _aFAO
245 1 _aBacalao y especies afines saladas
260 _aWashington :
_b(FAO),
_c1949
300 _a216 p.
_b: ilus.
490 _aFAO. Estudios sobre pesca
_v; 1
590 _aBATCH-UPD
_b10
_c20130110
_lUCH01
_h1637
590 _aCONVERSION
_b10
_c20130109
_lUCH01
_h1320
650 1 4 _aBacalao.
_99269
700 0 _aGerhatdsen, Gerhard Meidell.
_947740
830 0 _aFAO. Estudios sobre pesca
_v; 1
_939553
901 _aBK
942 _cLIBRO
949 _a338.372756 F36Y
_bBC
_cFAO
_d33724002208553
_eFAO1
_h5990
_i40691
_si
999 _c35600
_d35600